000 00546nem a2200157 i 4500
001 93385
003 ES-MaACL
005 20230906181207.0
007 t|
008 050524q1856 sp ab | |0| ||spa d
245 0 0 _aMapa cómico del teatro de la Guerra de Oriente [
_hMaterial cartográfico] /
_ctraducido del inglés por Don A.C.
260 _aSevilla :
_b[s.n.,
_cca. 1856] (
_fCarlos Santigosa)
300 _a1 mapa col. ;
_c63 x 45 cm., pleg. en 21 x 14 cm.
650 4 _aGuerra de Crimea, 1853-1856.
_9166978
852 _aES-MaACL
_jFol-Laf-273
999 _c93385
_d93385